LEADER 01102nam a2200253 i 4500 001 000000051572 003 CaOOAMICUS 005 20100610000000.0 008 100610s1961 it u000 u ita u 013 $a22744 040 $aSeMil$bita 245 10$a1960 /$cpresentazione e indici Ceciliano Soprana e Isidoro Rachelli ; prefazione [di] Giovanni Urbani. 260 $aCittadella :$bLa voce dei pastori,$cstampa 1961. 300 $a2686 col. 490 0 $aMagistero episcopale ;$v1 700 1 $aSoprana, Ceciliano.$0(OLS)http://semarc/name/25492 700 1 $aUrbani, Giovanni .$0(OLS)http://semarc/name/20554 700 1 $aRachelli, Isidoro .$0(OLS)http://semarc/name/25493 773 0 $tLettere pastorali.$dCittadella : La voce dei pastori, 1961-2003.$w()3528 830 0$aMagistero episcopale ;$v1.$0(OLS)http://semarc/title/6012 850 $aSeMil 852 $aSeMil$W1$xVenegono$y1$m2F VII 1$j17727$B17727$CSeMilBibl$Z2$F17728 $8I 996 $6245$a1960$9(OLS)http://semarc/title/79033 996 $6260$aCittadella :$bLa voce dei pastori$9(OLS)http://semarc/publisher/31205 LEADER 01219nas a2200241 i 4500 001 000000132630 003 CaOOAMICUS 005 20041214000000.0 008 041214b1987 it uu u0 0ita r 013 $a105623 040 $aSeMil$bita 100 1 $aSerenthà, Luigi,$c.$0(OLS)http://semarc/name/10583 245 10$aComunità cristiana e vocazione /$cLuigi Serenthà. 260 $aVenegono Inferiore :$bComunità di Liceo - Seminario di Milano,$c1987. 300 $a35 p. ;$c21 cm. 650 4$aVocazione - Catechesi.$0(OLS)http://semarc/subject/22478 650 4$aSeminaristi - Meditazioni.$0(OLS)http://semarc/subject/16129 773 0 $tQuaderni di Parola e Comunità.$dVenegono Inferiore : Comunità di Liceo - Seminario di Milano, 1987.$w()2658 773 0 $tQuaderni di Parola e Comunità. Serie maggiore.$dVenegono Inferiore (VA) : Seminario di Venegono Inf. (VA), 1987.$w()33118 850 $aSeMil 852 $aSeMil$W1$xVenegono$y1$m44 5 28/1$j86532$B86532$CSeMilBibl$Z2$F90304 $85 996 $6245$aComunità cristiana e vocazione$9(OLS)http://semarc/title/194779 996 $6260$aVenegono Inferiore :$bComunità di Liceo - Seminario di Milano$9(OLS)http://semarc/publisher/30846